Central Library OPAC University of Rajshahi

Field study in American geography : (Record no. 23462)

MARC details
000 -LEADER
fixed length control field 00852nam a22002531 4500
001 - CONTROL NUMBER
control field 23462
003 - CONTROL NUMBER IDENTIFIER
rucl marc code BD-RjUL
005 - DATE AND TIME OF LATEST TRANSACTION
control field 20211209000931.0
008 - FIXED-LENGTH DATA ELEMENTS--GENERAL INFORMATION
fixed length control field 140311s1959 ilua 000 0 eng
035 ## - SYSTEM CONTROL NUMBER
System control number (BD-RjUL)23527
System control number (OCoLC)166673
040 ## - CATALOGING SOURCE
Original cataloging agency DLC
Transcribing agency ODaWU
Modifying agency OCoLC
-- DLC
-- BD-RjUL
Language of cataloging eng
041 ## - LANGUAGE CODE
Language code of text/sound track or separate title eng
082 ## - DEWEY DECIMAL CLASSIFICATION NUMBER
Classification number 910.7
Author mark and year PLF 1959
100 1# - MAIN ENTRY--PERSONAL NAME
Personal name Platt, Robert S.
Fuller form of name (Robert Swanton),
Dates associated with a name 1891-1964,
9 (RLIN) 72271
245 10 - TITLE STATEMENT
Title Field study in American geography :
Remainder of title the development of theory and method exemplified by selections /
Statement of responsibility, etc. Robert S Platt
260 ## - PUBLICATION, DISTRIBUTION, ETC. (IMPRINT)
Place of publication, distribution, etc. Chicago,
Date of publication, distribution, etc. 1959.
300 ## - PHYSICAL DESCRIPTION
Pagination 405 p. :
Illustrations ill. ;
Size 23 cm.
490 0# - SERIES STATEMENT
Series statement University of Chicago. Dept. of Geography. Research paper
Volume/sequential designation no. 61
650 #0 - SUBJECT ADDED ENTRY--TOPICAL TERM
Topical term or geographic name as entry element Geography
General subdivision Study and teaching
Geographic subdivision United States.
9 (RLIN) 72272
942 ## - ADDED ENTRY ELEMENTS (KOHA)
Source of classification or shelving scheme Dewey Decimal Classification
Koha item type Books
Holdings
Lost status Source of classification or shelving scheme Damaged status Not for loan Collection code Permanent Location Current Location Shelving location Date acquired Source of acquisition Total Checkouts Full call number Date last seen Copy number Koha item type
  Dewey Decimal Classification   Added to bundle Non-fiction Central Library, University of Rajshahi Central Library, University of Rajshahi Reading Room 10/09/1962 Dept. of Geography   910.7 PLF 1959 11/03/2014 C-1 Books